000 00627nam a2200193 i 4500
001 150771
003 ES-MaACL
005 20250815000205.0
007 t|
008 071108s1940 sp ||||1| spa d
100 1 _aBainville, Jacques,
_d1879-1936
_924735
245 1 3 _aLa Tercera República /
_cJacques Bainville ; traducción de José Corts Grau.
260 _aMadrid :
_bCultura Española,
_c1940.
300 _a260 p. ;
_c20 cm.
651 4 _aFrancia-
_xHistoria-
_y1870-1940, III República
_98697
700 1 _aCorts Grau, José.
_940959
852 _aES-MaACL
_jC-5385
_bR.25638
999 _c150771
_d150771